Mispronounced English words proverbs & figures of speech
| Main Author: | |
|---|---|
| Format: | Book |
| Published: |
Singapore :
Composite Study Aid Pub. ,
1994
|
MARC
| LEADER | 00000cam a2200000 7i4500 | ||
|---|---|---|---|
| 001 | 0000007788 | ||
| 002 | 000008358 | ||
| 005 | 20000330.0 | ||
| 020 | |a 9812070818 | ||
| 090 | 0 | 0 | |a 425 |b NAN |
| 100 | 1 | |a Nandy, Milon | |
| 245 | 1 | 0 | |a Mispronounced English words proverbs & figures of speech |c Milon Nandy |
| 260 | |a Singapore : |b Composite Study Aid Pub. , |c 1994 | ||
| 300 | |a 197p. ; |c 12cm. | ||
| 999 | |a 052924 |b BUKU |c PINJAMAN |e PERPUSTAKAAN KOMUNITI PETALING JAYA | ||